000 00390nam a2200145Ia 4500
001 20956
003 GE_BSU
008 181216s||||||||xx |||||||||||||| ||und||
040 _cGE_BSU
245 _aParis Match, du 15 AU 21 jiun. №3552. 2017
653 _aParis Match, du 15 AU 21 jiun. №3552. 2017
653 _aПериодика
653 _aპერიოდიკა
942 _cCR
999 _c53905
_d53905